| 000 | 00835cab a2200217 4500 | ||
|---|---|---|---|
| 001 | ABS68579 | ||
| 008 | 041222n2004 000 0 eng u | ||
| 035 | _a(Sirsi) u128393 | ||
| 100 | _aHorne, S. | ||
| 245 | _aWhy every family farm needs to think about IHT | ||
| 260 | _c2004 | ||
| 490 |
_aFarmers' Weekly _v141(21) 19 November 2004, 59-61(4) |
||
| 520 | _aOutlines some of the basics of Inheritance Tax (IHT) and agricultural property relief and how planning ahead could save a fortune for the next farming generation. The Inland Revenue is paying more attention to IHT in the light of rising house prices. | ||
| 590 | _aABS | ||
| 650 | _aINHERITANCE TAX | ||
| 650 | _aAGRICULTURAL PROPERTY RELIEFS | ||
| 650 | _aHOUSE PRICES | ||
| 650 | _aFARMING PARTNERSHIPS | ||
| 690 | _aRURAL-FARM BUSINESS MANAGEMENT | ||
| 942 | _n0 | ||
| 999 |
_c74692 _d74692 |
||